000 00637nam a2200253Ia 4500
001 27528
005 20240114001008.0
007 ta
008 060525s g b000 u 465 u
040 _aCotton College,Assam
041 _a465
082 _a825.62
_bB 917 Se
100 _aBurke, .
245 0 _aSelected Works /
_cBurke.
_hTextual Documents
250 _a1st ed. /
260 _aOxford :
_bAt the Clarendon Press ,
_cnd.
300 _a384p. ;
_c18cm
_e24cm.
653 _aEnglish essays
653 _aEnglish Speeches
653 _aG-English
942 _2ddc
_cBK
999 _c27510
_d27510